Statistiken für Allgemeinwissen #8

Klicken Sie hier um das Quiz zu spielen!

Allgemein

  • Dieses Quiz wurde 567 mal gespielt
  • Das Durchschnittsergebnis liegt bei 11 aus 20

Antwortstatistiken

HintAntwort% Korrekt
Hauptstadt von RusslandMoskau
93%
Was ist die Summenformel von Wasser?H2O
91%
64
83%
Wie nennt man einen muslimischen Gotteshaus?Moschee
83%
Was ist das Symbol von Sauerstoff?O
81%
Welcher Film beginnt mit dem Eröffnungstext "Es war einmal vor langer Zeit in
einer weit, weit entfernten Galaxis"?
Star Wars
78%
In welchem Film kommen Timon und Pumbaa vor?Der König der Löwen
72%
Wie heißt der größte Planet im Unserem Sonnensystem?Jupiter
72%
Welcher Planet in unserem Sonnensystem ist am weistesten von der Sonne entfernt?Neptun
68%
Sin steht für Sinus. Wofür steht Tan?Tangens
68%
Jüdischer GotteshausSynagoge
64%
Mick Jagger ist Leadsänger welcher Rockband?The Rolling Stones
64%
2⁸256
63%
Welcher Rapper startete einen Goldraub?Xatar
36%
Welcher ehemalige irakische Staatspräsident wurde 2006 hingerichtet?Saddam Hussein
33%
Wie hieß die Bombe, die auf Hiroshima abgeworfen wurde? Geben Sie den englischen Namen an.Little Boy
28%
Italienischer Diktator während dem 2. WeltkriegBenito Mussolini
22%
Fest im Islam mit den Anfangsbuchstaben OOpferfest
18%
Wann kam Super Mario Bros raus?13.07.1985
0%
Was ist die Summenformel von Cellulose?C12H20O10
0%

Verteilung der Resultate

Perzentil nach korrekt beantworteten Fragen

Anzahl Personen mit jedem Resultat

Ihre Resultats-Entwicklung

Sie haben dieses Quiz noch nicht gespielt